[Event "Match"]
[Site "www.echecsemail.com"]
[Date "2016.06.18"]
[Round "1"]
[White "Chapi"]
[Black "Jhzes"]
[WhiteElo "2140"]
[BlackElo "1950"]
[Result "1-0"]
[Round "1"]
1.d4 c6
2.c4 e5
3.dxe5 Qd8a5
4.Nb1c3 Qa5xe5
5.Ng1f3 Qe5e7
6.Bc1f4 g6
7.e3 Bf8g7
8.Bf1e2 Qe7b4
9.Qd1c2 Ng8e7
10.O-O d6
11.Ra1d1 Bc8f5
12.e4 Bf5e6
13.Bf4xd6 Qb4a5
14.e5 O-O
15.Bd6xe7 Be6f5
16.Be2d3 Bf5xd3
17.Rd1xd3 Rf8e8
18.Be7f6 Bg7xf6
19.exf6 Nb8a6
20.a3 Na6c5
21.b4 { resign }
1-0

[Event "Match"]
[Site "www.echecsemail.com"]
[Date "2016.06.18"]
[Round "1"]
[White "Genius9"]
[Black "Gimmyg"]
[WhiteElo "1870"]
[BlackElo "2540"]
[Result "0-1"]
[Round "1"]
1.d4 Ng8f6
2.Nb1c3 g6
3.e4 Bf8g7
4.e5 Nf6g8
5.f4 d5
6.Ng1f3 Bc8f5
7.Bf1d3 Bf5xd3
8.Qd1xd3 a6
9.O-O e6
10.Bc1e3 Ng8e7
11.b4 O-O
12.a4 Nb8c6
13.Ra1b1 Qd8d7
14.Nf3d2 a5
15.b5 Nc6b4
16.Qd3e2 Nb4xc2
17.Be3f2 Nc2b4
18.Nd2b3 b6
19.Rb1c1 c6
20.bxc6 Nb4xc6
21.Nc3b5 h5
22.Nb5d6 Nc6b4
23.Rf1d1 Qd7xa4
{ resign }
0-1

[Event "Match"]
[Site "www.echecsemail.com"]
[Date "2016.06.18"]
[Round "1"]
[White "Susov"]
[Black "Norwich"]
[WhiteElo "1890"]
[BlackElo "1690"]
[Result "1-0"]
[Round "1"]
1.e4 c5
2.Ng1f3 Nb8c6
3.d4 cxd4
4.Nf3xd4 e5
5.Nd4xc6 bxc6
6.Bf1c4 Ng8f6
7.Qd1f3 d6
8.Bc1g5 Bf8e7
9.Bg5xf6 Be7xf6
10.Nb1c3 O-O
11.h3 Qd8b6
12.Bc4b3 Bc8a6
13.Qf3e3 Qb6xe3
14.fxe3 Bf6h4
15.Kd2 Bh4f6
16.Ra1d1 Rf8d8
17.Kc1 Bf6g5
18.Rd1e1 Bg5h4
19.Re1d1 Bh4f2
20.Kd2 d5
21.exd5 cxd5
22.Kc1 Bf2xe3
23.Kb1 d4
24.Nc3e4 Ra8c8
25.h4 Ba6b7
26.Ne4g5 Be3xg5
27.hxg5 Bb7e4
28.Rh1f1 Be4g6
29.a3 Rd8d7
30.Rd1e1 Rd7e7
31.Bb3d5 Rc8d8
32.Bd5c4 Rd8c8
33.Bc4b3 d3
34.cxd3 Bg6xd3
35.Ka2 Bd3xf1
36.Re1xf1 e4
37.Bb3d5 e3
38.Bd5f3 g6
39.Bf3e2 Rc8c2
40.Be2d3 Rc2xg2
41.Kb3 Re7b7
{ time. }
1-0

[Event "Match"]
[Site "www.echecsemail.com"]
[Date "2016.06.18"]
[Round "1"]
[White "Jhzes"]
[Black "Witpar"]
[WhiteElo "2229"]
[BlackElo "2640"]
[Result "0-1"]
[Round "1"]
1.d4 Ng8f6
2.Nb1c3 d5
3.Bc1f4 c6
4.Ng1f3 Bc8f5
5.h3 h6
6.g4 Bf5h7
7.Nf3e5 e6
8.Bf1g2 Nb8d7
9.Ne5xd7 Nf6xd7
10.e4 Bf8b4
11.Qd1d3 Qd8a5
12.f3 e5
13.Bf4xe5 Nd7xe5
14.dxe5 dxe4
15.fxe4 Ra8d8
16.Qd3c4 Qa5b6
17.Qc4e2 Bb4a5
18.Qe2c4 Rd8d4
19.Qc4e2 Qb6xb2
{ resign }
0-1

[Event "Match"]
[Site "www.echecsemail.com"]
[Date "2016.06.18"]
[Round "1"]
[White "Wagner"]
[Black "Pwain"]
[WhiteElo "1810"]
[BlackElo "1829"]
[Result "0-1"]
[Round "1"]
1.e4 e5
2.Nb1c3 Nb8c6
3.Ng1f3 Ng8f6
4.Bf1c4 Bf8c5
5.Nf3g5 O-O
6.Nc3d5 Nf6xd5
7.Bc4xd5 Qd8xg5
8.d4 Qg5xg2
9.Ke2 Nc6xd4
10.Kd3 Nd4e6
11.Rh1g1 Qg2xf2
12.Bd5xe6 Qf2xg1
{ resign }
0-1

[Event "Match"]
[Site "www.echecsemail.com"]
[Date "2016.06.18"]
[Round "1"]
[White "Gambitmiau"]
[Black "Wagner"]
[WhiteElo "1820"]
[BlackElo "1820"]
[Result "1-0"]
[Round "1"]
1.e4 e5
2.d4 Bf8d6
3.Ng1f3 f6
4.d5 a6
5.Bc1e3 g5
6.a3 b5
7.b4 Ng8h6
8.c4 c6
9.c5 Bd6f8
10.d6 g4
11.Nf3h4 a5
12.Nb1c3 f5
13.Nh4xf5 Nh6xf5
14.exf5 Rh8g8
15.h3 axb4
16.axb4 Nb8a6
17.Qd1b3 Rg8g7
18.Bf1e2 gxh3
19.Be2h5 Rg7g6
20.fxg6 { resign }
1-0

[Event "Match"]
[Site "www.echecsemail.com"]
[Date "2016.06.18"]
[Round "1"]
[White "Milkyway"]
[Black "Tonino1"]
[WhiteElo "1809"]
[BlackElo "2280"]
[Result "0-1"]
[Round "1"]
1.d4 Ng8f6
2.c4 g6
3.g3 Bf8g7
4.Bf1g2 O-O
5.e4 d6
6.Nb1c3 c6
7.Ng1e2 e5
8.dxe5 dxe5
9.Qd1c2 Bc8e6
10.b3 a5
11.Bc1b2 Nb8a6
12.Ra1d1 Qd8c7
13.O-O Ra8d8
14.Bb2a3 Rd8xd1
15.Rf1xd1 Rf8d8
16.Rd1xd8 Qc7xd8
17.h3 Na6b4
18.Ba3xb4 axb4
19.Nc3b1 Qd8c7
20.Nb1d2 Nf6d7
21.Ne2c1 Nd7c5
22.Nc1d3 Nc5xd3
23.Qc2xd3 Qc7d7
24.Qd3xd7 Be6xd7
25.Kf1 c5
26.Ke2 b6
27.Nd2f3 f5
28.Nf3d2 Bg7h6
29.exf5 Bh6xd2
30.Kxd2 Bd7xf5
31.Kc1 Kf7
32.Kb2 g5
33.a3 bxa3
34.Kxa3 Ke7
35.b4 Kd6
36.Ka4 Bf5d7
37.b5 Bd7f5
38.Kb3 e4
39.Kc3 Ke5
40.Bg2f1 h5
41.Bf1g2 h4
42.Kd2 Kd4
43.Bg2f1 hxg3
 { time }
0-1

[Event "1/128 Finale"]
[Site "www.chess-mail.com"]
[Date "2016.06.18"]
[Round "1"]
[White "Egdiogel"]
[Black "Destructor"]
[WhiteElo "2240"]
[BlackElo "1809"]
[Result "0-1"]
[Round "1"]
1.e4 c5
2.Ng1f3 Nb8c6
3.g3 g6
4.Bf1g2 Bf8g7
5.d3 d6
6.c3 Ng8f6
7.O-O O-O
8.h3 b5
9.Bc1e3 a5
10.Rf1e1 Bc8a6
11.Nb1d2 b4
12.d4 bxc3
13.bxc3 cxd4
14.cxd4 Nc6b4
15.Bg2f1 Nb4d3
16.Bf1xd3 Ba6xd3
17.Be3f4 a4
18.Re1e3 Bd3a6
19.g4 Qd8d7
20.Ra1b1 Rf8b8
21.Kh2 h5
22.g5 Nf6e8
23.e5 Ne8c7
24.Bf4g3 Ba6c8
25.Nf3g1 Rb8xb1
26.Nd2xb1 dxe5
27.Bg3xe5 Qd7f5
28.Qd1f3 Qf5xb1
29.Be5xc7 Bc8b7
30.Qf3e2 Ra8c8
31.Re3xe7 Bg7f8
32.Re7xf7 Kxf7
33.Qe2c4 Ke7
34.Qc4c5 Kd7
{ resign }
0-1

[Event "1/64 Finale"]
[Site "www.chess-mail.com"]
[Date "2016.06.18"]
[Round "1"]
[White "Guidom"]
[Black "Cheminet"]
[WhiteElo "2090"]
[BlackElo "2040"]
[Result "0-1"]
[Round "1"]
1.e4 c5
2.Ng1f3 Nb8c6
3.d4 cxd4
4.Nf3xd4 e6
5.c3 Bf8c5
6.Nd4xc6 bxc6
7.Bc1f4 Ng8f6
8.Bf1d3 d5
9.e5 Nf6e4
10.Bd3xe4 Qd8b6
11.O-O dxe4
12.Qd1c2 Bc8a6
13.c4 O-O
14.Nb1d2 e3
15.Nd2e4 exf2
16.Ne4xf2 f6
17.exf6 Rf8xf6
18.Bf4g3 Bc5d4
19.Ra1b1 c5
20.b3 Qb6c6
21.Kh1 Ra8f8
22.Qc2e2 Ba6b7
23.Nf2h3 Qc6xg2
24.Qe2xg2 Rf6xf1
25.Rb1xf1 Rf8xf1
26.Nh3g1 Rf1xg1

0-1

[Event "Tourn. n8800"]
[Site "www.chess-mail.com"]
[Date "2016.06.19"]
[Round "1"]
[White "Jhzes"]
[Black "Esperanza"]
[WhiteElo "1890"]
[BlackElo "1819"]
[Result "0-1"]
[Round "1"]
1.d4 Ng8f6
2.Nb1c3 g6
3.Bc1f4 Bf8g7
4.Nc3b5 d6
5.c4 a6
6.Nb5c3 O-O
7.f3 Nb8d7
8.e4 c5
9.d5 Qd8a5
10.Bf1d3 Ra8b8
11.Ng1e2 b5
12.Bf4d2 bxc4
13.Bd3xc4 Rb8xb2
14.Nc3a4 Rb2xd2
15.Qd1xd2 Qa5xa4
16.Ra1c1 Nd7e5
17.Bc4b3 Qa4a3
18.f4 Nf6xe4
19.Qd2e3 Qa3b4
20.Kd1 Ne5g4
{ resign }
0-1

[Event "Tourn. n8799"]
[Site "www.chess-mail.com"]
[Date "2016.06.19"]
[Round "1"]
[White "Picifarkinca"]
[Black "Genius9"]
[WhiteElo "1920"]
[BlackElo "1840"]
[Result "1/2-1/2"]
[Round "1"]
1.e4 c5
2.a3 d6
3.Ng1f3 Nb8c6
4.d4 cxd4
5.Nf3xd4 Ng8f6
6.Nb1c3 Bc8d7
7.Bf1e2 g6
8.O-O Bf8g7
9.h3 O-O
10.b4 Nc6xd4
11.Qd1xd4 { draw }
1/2-1/2

[Event "Tourn. n8798"]
[Site "www.chess-mail.com"]
[Date "2016.06.19"]
[Round "1"]
[White "Huw"]
[Black "Seger"]
[WhiteElo "2310"]
[BlackElo "2760"]
[Result "0-1"]
[Round "1"]
1.d4 Ng8f6
2.c4 e6
3.Ng1f3 b6
4.Nb1c3 Bf8b4
5.Bc1g5 h6
6.Bg5h4 g5
7.Bh4g3 Nf6e4
8.Qd1d3 f5
9.h3 Nb8c6
10.a3 Bb4xc3
11.bxc3 Bc8a6
12.Nf3d2 Ne4xd2
13.Kxd2 Nc6a5
14.Kc1 Ba6xc4
{ resign }
0-1

[Event "Tourn. n8704"]
[Site "www.chess-mail.com"]
[Date "2016.06.19"]
[Round "1"]
[White "Seger"]
[Black "Emiondi"]
[WhiteElo "2730"]
[BlackElo "2260"]
[Result "1/2-1/2"]
[Round "1"]
1.e4 e5
2.Ng1f3 Ng8f6
3.Nf3xe5 d6
4.Ne5f3 Nf6xe4
5.d4 d5
6.Bf1d3 Bf8e7
7.O-O Nb8c6
8.c4 Nc6b4
9.Bd3e2 O-O
10.a3 Nb4c6
11.Nb1c3 Ne4xc3
12.bxc3 Bc8f5
13.Rf1e1 Rf8e8
14.Bc1f4 dxc4
15.Be2xc4 Be7d6
16.Re1xe8 Qd8xe8
17.Nf3h4 Nc6a5
18.Nh4xf5 Na5xc4
19.Qd1f3 Ra8b8
20.Bf4h6 g6
21.Nf5xd6 Nc4xd6
22.Qf3f6 Nd6f5
23.Bh6f4 Qe8e7
24.Qf6xe7 Nf5xe7
25.a4 Ne7d5
26.Bf4d2 Nd5b6
27.a5 { draw }
1/2-1/2

[Event "Tourn. n8791"]
[Site "www.chess-mail.com"]
[Date "2016.06.19"]
[Round "1"]
[White "Grimsby"]
[Black "Gegonz"]
[WhiteElo "1540"]
[BlackElo "1660"]
[Result "0-1"]
[Round "1"]
1.Ng1f3 Ng8f6
2.d4 e6
3.Bc1g5 d5
4.e3 Nb8d7
5.Nb1d2 Bf8e7
6.Bf1d3 O-O
7.O-O c5
8.c3 c4
 { time }
0-1

[Event "Tourn. n8715"]
[Site "www.chess-mail.com"]
[Date "2016.06.19"]
[Round "1"]
[White "Nimzo"]
[Black "Seger"]
[WhiteElo "2850"]
[BlackElo "2730"]
[Result "1-0"]
[Round "1"]
1.d4 Ng8f6
2.c4 e6
3.Nb1c3 Bf8b4
4.Qd1c2 O-O
5.e4 d5
6.e5 Nf6e4
7.Bf1d3 c5
8.Ng1f3 cxd4
9.Nf3xd4 Nb8d7
10.Bc1f4 Qd8h4
11.g3 Qh4h3
12.O-O-O Ne4xc3
13.bxc3 Bb4a3
14.Kb1 Nd7b6
15.Bd3f1 Qh3h5
16.Bf1e2 Qh5g6
17.Be2d3 Qg6h5
18.g4 Qh5h4
19.Nd4f3 Qh4xg4
20.Rh1g1 Qg4xf3
21.Bd3xh7 Kh8
22.Rg1xg7 Kxg7
23.Rd1g1 Kh8
24.Bf4h6 f5
25.exf6 Qf3xf6
26.Bh6g7 Qf6xg7
27.Rg1xg7 e5
28.Rg7g5 Ba3e7
29.Rg5h5 { resign }
1-0

[Event "Tourn. n8795"]
[Site "www.chess-mail.com"]
[Date "2016.06.19"]
[Round "1"]
[White "Hundegana"]
[Black "Derfel83"]
[WhiteElo "2000"]
[BlackElo "2060"]
[Result "1/2-1/2"]
[Round "1"]
1.f4 e6
2.e4 c5
3.g3 b6
4.Bf1g2 Nb8c6
5.Ng1f3 Bc8a6
6.d3 Ng8e7
7.O-O g6
8.Nb1c3 Bf8g7
9.Ra1b1 O-O
10.a3 d5
11.e5 Ne7f5
12.Kh1 Ra8c8
13.Rf1e1 d4
14.Nc3e2 Ba6b7
15.Ne2g1 a5
16.Bc1d2 Nf5e3
17.Bd2xe3 dxe3
18.Re1xe3 Nc6d4
19.Nf3xd4 Bb7xg2
20.Kxg2 cxd4
21.Re3e1 Rc8c6
22.Ng1e2 Qd8d5
23.Kg1 Rf8d8
24.Re1f1 Qd5c5
25.b4 axb4
26.axb4 Qc5xc2
{ draw }
1/2-1/2

[Event "Tourn. n8638"]
[Site "www.chess-mail.com"]
[Date "2016.06.19"]
[Round "1"]
[White "Passaroa25"]
[Black "Falcoale"]
[WhiteElo "1570"]
[BlackElo "1540"]
[Result "0-1"]
[Round "1"]
1.e4 c5
2.Ng1e2 Nb8c6
3.Ne2g3 Ng8f6
4.f3 e6
5.c3 b6
6.Bf1e2 Bc8b7
7.d3 Bf8e7
8.Nb1d2 O-O
9.Nd2b3 d5
10.Bc1e3 a6
11.Be3f2 dxe4
12.dxe4 Qd8c7
13.O-O Rf8d8
14.Qd1c2 b5
15.Ra1d1 Nc6e5
16.Rf1e1 c4
17.Nb3d4 Ne5c6
18.a3 Rd8d7
19.Qc2b1 Ra8d8
20.Ng3f1 Nc6xd4
21.cxd4 Nf6h5
22.Qb1c2 Nh5f4
23.Bf2e3 Nf4xe2
24.Re1xe2 a5
25.Qc2c1 e5
26.d5 Be7c5
27.Be3xc5 Qc7xc5
28.Qc1e3 Qc5d6
29.Kh1 Qd6g6
30.Nf1g3 Bb7a6
31.Ng3f5 b4
32.a4 Qg6f6
33.g4 Rd8c8
34.Re2d2 Qf6d8
35.d6 c3
36.bxc3 bxc3
37.Rd2c2 Kh8
38.Rc2xc3 Rc8xc3
39.Qe3xc3 g6
40.Qc3xe5 f6
41.Qe5e7 Rd7xe7
42.Nf5xe7 Ba6e2
43.Ne7c6 Qd8d7
44.Rd1c1 Be2xf3
45.Kg1 Bf3xe4
46.Nc6xa5 Qd7xd6
47.Rc1c8 Kg7
48.Rc8c1 Qd6f4
49.Rc1c7 Qf4xc7
50.Na5b3 Be4c2
51.Nb3d4 Qc7c5
52.Kf1 Qc5xd4
53.h3 Qd4xa4
54.Kf2 f5
55.gxf5 Bc2xf5
56.Kg3 Qa4b3
{ resign }
0-1

[Event "Tourn. n8758"]
[Site "www.chess-mail.com"]
[Date "2016.06.19"]
[Round "1"]
[White "Mitja"]
[Black "Libiesse"]
[WhiteElo "1840"]
[BlackElo "1910"]
[Result "1/2-1/2"]
[Round "1"]
1.d4 d5
2.e3 Ng8f6
3.c3 e6
4.Ng1f3 c5
5.dxc5 Bf8xc5
6.Nb1d2 Nb8c6
7.Nd2b3 Bc5b6
8.Nf3d4 O-O
9.Nd4xc6 bxc6
10.Bf1d3 c5
11.Bd3c2 Bc8b7
12.O-O Qd8c7
13.h3 Qc7c6
14.Qd1f3 Ra8d8
15.Rf1d1 Qc6c7
16.Qf3e2 Rf8e8
17.Nb3d2 e5
18.Nd2f1 d4
19.cxd4 exd4
20.b3 Nf6d5
21.Bc1b2 Nd5f4
22.Qe2g4 Nf4xg2
23.exd4 g6
24.Nf1g3 Bb7c8
25.Qg4g5 Ng2f4
26.Qg5h4 Nf4xh3
27.Kf1 Qc7f4
28.Qh4xf4 Nh3xf4
29.dxc5 Bc8a6
30.Kg1 Bb6xc5
31.Rd1xd8 Re8xd8
32.Ra1d1 Rd8xd1
33.Bc2xd1 Nf4d3
34.Ng3e4 Nd3xb2
35.Ne4xc5 Nb2xd1
36.Nc5xa6 h5
37.Na6c5 Nd1c3
38.a4 Kg7
39.Kg2 g5
40.f3 Kg6
41.Nc5e4 Nc3xe4
42.fxe4 a5
43.Kg3 Kf6
44.b4 axb4
45.a5 b3
46.a6 b2
47.a7 b1Q
48.a8Q h4
49.Kf3 Qb1d1
50.Ke3 Qd1e1
51.Kf3 Qe1g3
52.Ke2 Qg3g2
53.Ke3 Qg2g3
54.Ke2 Qg3f4
55.Qa8c6 Kg7
56.Qc6c3 f6
57.Qc3d3 Qf4h2
58.Kf1 Qh2f4
59.Ke2 g4
60.Qd3d7 Kg6
61.Qd7e8 Kg5
62.Qe8g8 Kh5
63.Qg8f7 { draw }
1/2-1/2

[Event "Tourn. n8734"]
[Site "www.chess-mail.com"]
[Date "2016.06.19"]
[Round "1"]
[White "Francesco"]
[Black "Ff333"]
[WhiteElo "1970"]
[BlackElo "1960"]
[Result "0-1"]
[Round "1"]
1.e4 e5
2.Ng1f3 Nb8c6
3.Bf1b5 d6
4.O-O Bc8d7
5.d4 Nc6xd4
6.Bb5xd7 Qd8xd7
7.Nf3xd4 exd4
8.Qd1xd4 c5
9.Qd4d1 O-O-O
10.Nb1c3 Ng8f6
11.Rf1e1 Nf6g4
12.f3 Ng4e5
13.Nc3d5 h6
14.a4 Ne5c6
15.Bc1e3 Nc6e7
16.b4 b6
17.c4 Qd7b7
18.b5 Ne7g6
19.a5 Ng6e7
20.axb6 axb6
21.Ra1a6 Ne7xd5
22.exd5 Kc7
23.Qd1a4 Bf8e7
24.Ra6a7 Rd8a8
25.Ra7xb7 Kxb7
26.Qa4c2 Be7f6
27.Be3f4 Kc7
28.Bf4d2 Ra8a3
29.Re1e3 Bf6d4
30.Qc2e4 Rh8d8
31.Qe4e7 Rd8d7
32.Qe7e4 f5
33.Qe4f4 g5
34.Qf4xf5 Bd4xe3
35.Bd2xe3 Ra3xe3
36.Qf5g6 Rd7e7
37.Qg6xh6 g4
38.fxg4 Re3e4
39.Qh6c1 Re4e1
{ resign }
0-1

[Event "Tourn. n8761"]
[Site "www.chess-mail.com"]
[Date "2016.06.19"]
[Round "1"]
[White "Coventry"]
[Black "Claudia"]
[WhiteElo "2000"]
[BlackElo "1830"]
[Result "0-1"]
[Round "1"]
1.Ng1f3 d5
2.e3 e6
3.d4 Ng8f6
4.Bf1d3 Bf8e7
5.b3 O-O
6.Bc1b2 b6
7.O-O Bc8b7
8.Nf3e5 c5
9.dxc5 bxc5
10.c4 Nb8d7
11.Ne5xd7 Qd8xd7
12.cxd5 Qd7xd5
13.f3 Rf8d8
14.Bd3e2 Qd5g5
 { time }
0-1

[Event "Tourn. n8749"]
[Site "www.chess-mail.com"]
[Date "2016.06.19"]
[Round "1"]
[White "Seger"]
[Black "Darko10"]
[WhiteElo "2750"]
[BlackElo "2560"]
[Result "1/2-1/2"]
[Round "1"]
1.e4 e5
2.Ng1f3 Nb8c6
3.Bf1b5 a6
4.Bb5c4 Ng8f6
5.d3 Bf8c5
6.Nb1c3 O-O
7.O-O d6
8.Nc3d5 Nf6xd5
9.Bc4xd5 Qd8f6
10.a4 Nc6b4
11.Bd5c4 Nb4c6
12.a5 Bc8e6
13.c3 Qf6g6
14.Bc4xe6 fxe6
15.b4 Bc5a7
16.Ra1a2 h6
17.Bc1e3 Rf8f6
18.Be3xa7 Nc6xa7
19.Nf3d2 Ra8f8
20.f3 Na7b5
21.Ra2c2 h5
22.Qd1e2 h4
23.h3 Qg6g3
24.Rf1e1 Rf6g6
25.Kh1 Rf8c8
26.Nd2f1 Qg3f4
27.Qe2f2 Rc8d8
28.Qf2e3 { draw }
1/2-1/2

[Event "Tourn. n8724"]
[Site "www.chess-mail.com"]
[Date "2016.06.19"]
[Round "1"]
[White "Julian"]
[Black "Mars91"]
[WhiteElo "2090"]
[BlackElo "2020"]
[Result "1-0"]
[Round "1"]
1.e4 d6
2.d4 g6
3.f4 Bf8g7
4.Ng1f3 Ng8f6
5.Bf1d3 O-O
6.e5 Nf6d5
7.c3 c6
8.O-O dxe5
9.fxe5 Bc8g4
10.h3 Bg4xf3
11.Qd1xf3 e6
12.a3 Nb8d7
13.c4 Nd5b6
14.b3 Qd8c7
15.Bc1b2 c5
16.Nb1d2 cxd4
17.Bb2xd4 Nd7xe5
18.Bd4xe5 Bg7xe5
19.Ra1e1 Be5g7
20.Nd2e4 Nb6d7
21.Ne4g5 Nd7e5
22.Qf3g3 Qc7c5
23.Kh2 Ne5xd3
24.Re1e3 Bg7e5
25.Re3xe5 Nd3xe5
26.Ng5e4 Qc5c7
27.Ne4f6 Kg7
28.Nf6h5 Kh8
29.Rf1e1 f6
30.Nh5f4 Qc7f7
31.Qg3c3 Rf8e8
32.g4 Kg7
33.g5 Ne5d7
34.gxf6 Qf7xf6
35.Qc3g3  { time }
1-0

[Event "Tourn. n8793"]
[Site "www.chess-mail.com"]
[Date "2016.06.19"]
[Round "1"]
[White "Nimzo"]
[Black "Jhzes"]
[WhiteElo "2840"]
[BlackElo "2370"]
[Result "1-0"]
[Round "1"]
1.d4 e5
2.dxe5 Nb8c6
3.Ng1f3 Bf8c5
4.Nb1c3 b6
5.a3 Ng8e7
6.b4 Nc6xb4
7.axb4 Bc5xb4
8.Bc1d2 Bc8b7
9.e3 Ne7f5
10.Bf1c4 O-O
11.O-O Qd8e8
12.Nc3d5 Bb7xd5
13.Bc4xd5 Bb4xd2
14.Bd5xa8 Bd2xe3
15.Ba8e4 { resign }
1-0

[Event "Tourn. n8773"]
[Site "www.chess-mail.com"]
[Date "2016.06.19"]
[Round "1"]
[White "Orhany24"]
[Black "Julian"]
[WhiteElo "2240"]
[BlackElo "2060"]
[Result "1-0"]
[Round "1"]
1.e4 c5
2.Ng1f3 d6
3.d4 cxd4
4.Nf3xd4 Ng8f6
5.Bf1d3 a6
6.O-O e5
7.Nd4e2 Bc8e6
8.c4 Bf8e7
9.Nb1c3 Nb8d7
10.h3 O-O
11.Bc1e3 Ra8c8
12.b3 Nf6e8
13.f4 exf4
14.Ne2xf4 Nd7e5
15.Bd3e2 Be7f6
16.Ra1c1 Ne5g6
17.Qd1d2 Ng6xf4
18.Be3xf4 Bf6e5
19.Nc3d5 Be5xf4
20.Nd5xf4 Qd8b6
21.Kh1 Qb6c5
22.Nf4xe6 fxe6
23.Rf1xf8 Kxf8
24.Rc1f1 Kg8
25.Be2g4 Qc5e5
26.Qd2f4 Qe5xf4
27.Bg4xe6 { resign }
1-0

[Event "Tourn. n8804"]
[Site "www.chess-mail.com"]
[Date "2016.06.19"]
[Round "1"]
[White "Picifarkinca"]
[Black "Fabos12"]
[WhiteElo "1920"]
[BlackElo "1860"]
[Result "1/2-1/2"]
[Round "1"]
1.e4 e5
2.Ng1f3 Nb8c6
3.Bf1b5 d6
4.h3 Ng8f6
5.d3 Bc8d7
6.c3 Bf8e7
7.O-O O-O
8.Rf1e1 Ra8c8
9.Nb1d2 Nc6b8
10.Bb5c4 b5
11.Bc4b3 a5
12.Nd2f1 c5
13.Nf1e3 { draw }
1/2-1/2

[Event "Tourn. n8754"]
[Site "www.chess-mail.com"]
[Date "2016.06.19"]
[Round "1"]
[White "Hundegana"]
[Black "Julian"]
[WhiteElo "2000"]
[BlackElo "2130"]
[Result "0-1"]
[Round "1"]
1.f4 d6
2.g3 c6
3.Bf1g2 g6
4.Ng1f3 Bf8g7
5.O-O Ng8f6
6.Nb1c3 Nb8d7
7.Rf1e1 e5
8.e3 O-O
9.d3 Qd8e7
10.a3 d5
11.Ra1b1 b5
12.b4 a5
13.h3 e4
14.Nf3d4 Bc8b7
15.Re1f1 axb4
16.axb4 Ra8c8
17.dxe4 Nf6xe4
18.Nc3xe4 dxe4
19.c3 Nd7b6
20.Kh2 Nb6d5
21.Qd1c2 c5
22.Nd4xb5 cxb4
23.c4 Nd5c3
24.Nb5xc3 Bg7xc3
25.Qc2e2 Bb7a6
26.Rf1d1 Ba6xc4
27.Qe2f2 Bc4d3
28.Rd1xd3 exd3
29.Bc1d2 Rf8d8
30.h4 f5
31.Bg2f3 Bc3xd2
32.Kh3 Rc8c2
33.Qf2f1 Qe7xe3
34.h5 Kg7
35.Kh4 Bd2c3
36.Kh3 Rc2f2
37.Qf1g1 Rf2xf3
38.Qg1xe3 Rf3xe3
39.Kg2 d2
40.Rb1d1 Re3e1
41.Rd1xd2 Rd8xd2
42.Kh3 Re1h1
{ resign }
0-1

[Event "Tourn. n8789"]
[Site "www.chess-mail.com"]
[Date "2016.06.19"]
[Round "1"]
[White "Coventry"]
[Black "Fabos12"]
[WhiteElo "2020"]
[BlackElo "1860"]
[Result "0-1"]
[Round "1"]
1.b3 d5
2.Bc1b2 Nb8c6
3.e3 e5
4.Bf1b5 Bf8d6
5.Ng1f3 Qd8e7
6.Bb5xc6 bxc6
7.O-O Bc8g4
8.h3 Bg4h5
9.d3 Ng8f6
 { time }
0-1

[Event "Tourn. n8798"]
[Site "www.chess-mail.com"]
[Date "2016.06.19"]
[Round "1"]
[White "Seger"]
[Black "Jhzes"]
[WhiteElo "2760"]
[BlackElo "2400"]
[Result "1-0"]
[Round "1"]
1.e4 e6
2.d4 d5
3.e5 g6
4.Ng1f3 Bf8h6
5.Nb1c3 Bh6xc1
6.Qd1xc1 Bc8d7
7.Bf1d3 a6
8.O-O Ng8e7
9.Qc1h6 Rh8f8
10.h4 Ne7f5
11.Bd3xf5 gxf5
12.Nf3g5 Qd8e7
13.Ng5xh7 { resign }
1-0

[Event "Tourn. n8791"]
[Site "www.chess-mail.com"]
[Date "2016.06.19"]
[Round "1"]
[White "Cal"]
[Black "Esperanza"]
[WhiteElo "1550"]
[BlackElo "1569"]
[Result "0-1"]
[Round "1"]
1.c4 Ng8f6
2.Nb1c3 g6
3.e4 d6
4.h3 Bf8g7
5.d3 O-O
6.Ng1f3 e5
7.Bf1e2 c6
8.O-O Nb8a6
9.a3 Bc8e6
10.b4 Nf6d7
11.Bc1g5 Qd8e8
12.b5 Na6c5
13.bxc6 bxc6
14.Nf3h4 f5
15.exf5 gxf5
16.f4 h6
17.Be2h5 Qe8b8
18.Bg5e7 Rf8c8
19.fxe5 Bg7xe5
20.Ra1c1 Qb8b3
21.Qd1f3 Be5xc3
22.Qf3g3 Bc3g7
23.Be7xd6 Qb3xd3
24.Qg3g6 Qd3xd6
25.Rc1d1 Qd6e7
26.Rf1e1 Qe7xh4
27.Re1xe6 Nc5xe6
28.Qg6xe6 Kh8
29.Rd1xd7 Qh4xh5
30.Rd7f7 Rc8e8
31.Qe6d7 Re8e1
32.Kf2 Qh5e2
33.Kg3 Qe2e3
34.Kh2 Bg7e5
35.g3 Qe3g1

0-1

[Event "Tourn. n8803"]
[Site "www.chess-mail.com"]
[Date "2016.06.19"]
[Round "1"]
[White "Faerieking"]
[Black "Rons"]
[WhiteElo "2290"]
[BlackElo "2550"]
[Result "0-1"]
[Round "1"]
1.e4 c5
2.Ng1f3 d6
3.d4 cxd4
4.Nf3xd4 Ng8f6
5.Nb1c3 a6
6.Bc1g5 e6
7.f4 Qd8b6
8.Qd1d2 Qb6xb2
9.Ra1b1 Qb2a3
10.f5 Nb8c6
11.fxe6 fxe6
12.Nd4xc6 bxc6
13.e5 dxe5
14.Bg5xf6 gxf6
15.Nc3e4 Bf8e7
16.Bf1e2 h5
17.O-O f5
18.Rb1b3 Qa3a4
19.Ne4d6 Be7xd6
20.Qd2xd6 Qa4d4
21.Qd6xd4 exd4
22.Be2f3 Ra8a7
23.Bf3xc6 Ke7
24.Rb3d3 Ra7c7
25.Bc6a4 e5
26.Rf1e1 Kd6
27.Rd3g3 e4
28.Rg3g6 Ke5
29.Ba4b3 f4
{ resign }
0-1

[Event "Tourn. n8731"]
[Site "www.chess-mail.com"]
[Date "2016.06.19"]
[Round "1"]
[White "Genius1"]
[Black "Azulmarino"]
[WhiteElo "1430"]
[BlackElo "1510"]
[Result "0-1"]
[Round "1"]
1.d4 d5
2.Ng1f3 Ng8f6
3.c4 dxc4
4.e3 Bc8g4
5.Bf1xc4 e6
6.h3 Bg4xf3
7.Qd1xf3 Nb8c6
8.O-O Bf8d6
9.Nb1c3 a6
10.b3 b5
11.Bc4d3 Bd6b4
12.Bc1b2 Bb4a5
13.Nc3e4 Nc6e7
14.Ne4xf6 gxf6
15.Qf3xf6 Rh8g8
16.Bd3xh7 c6
17.Bh7xg8 Ne7xg8
18.Qf6xd8 Ra8xd8
19.Rf1d1 Ng8f6
20.Ra1c1 Nf6e4
21.Rc1xc6 Ba5d2
22.Rc6xa6 Bd2b4
23.a3 Bb4d6
24.f3 Ne4g5
25.Kf2 Rd8c8
26.Ra6xd6 Rc8c2
 { time }
0-1

[Event "Match"]
[Site "www.echecsemail.com"]
[Date "2016.06.19"]
[Round "1"]
[White "B0zata"]
[Black "Kevinking"]
[WhiteElo "1799"]
[BlackElo "1860"]
[Result "1-0"]
[Round "1"]
1.c4 e5
2.Nb1c3 c5
3.Ng1f3 d6
4.d3 Ng8f6
5.g3 Nb8c6
6.Bf1g2 Bf8e7
7.O-O Bc8e6
8.Bc1g5 Nf6d7
9.Bg5xe7 Qd8xe7
10.Qd1d2 Ra8b8
11.Nf3g5 h6
12.Ng5xe6 fxe6
13.a3 O-O
14.Ra1b1 a5
15.Nc3b5 Nc6d4
16.Nb5xd4 exd4
17.Qd2xa5 Nd7f6
18.Qa5d2 Qe7d7
19.b4 b6
20.b5 e5
21.a4 Qd7a7
22.Rb1a1 Qa7a5
23.Qd2xa5 bxa5
24.Ra1b1 Rb8b6
25.f4 Nf6h5
26.f5 Nh5f6
27.h3 Kf7
28.g4 Ke7
29.Bg2c6 Kd8
30.Kg2 Kc7
31.Kg3 Kb8
32.Rf1g1 Ka7
33.Rb1f1 Rb6b8
34.Rg1g2 Kb6
35.Rg2f2 Rb8c8
36.h4 Rc8c7
37.Kh3 Rc7f7
38.g5 Nf6h5
39.Kg4 Nh5f4
40.Rf2xf4 exf4
41.Rf1xf4 h5
42.Kxh5 Rf7xf5
43.Rf4xf5 Rf8xf5
44.Bc6f3 Rf5f4
45.g6 Rf4f8
46.Kg5 Rf8f6
47.h5 Kc7
48.h6 { resign }
1-0

[Event "Match"]
[Site "www.echecsemail.com"]
[Date "2016.06.19"]
[Round "1"]
[White "Toblakay"]
[Black "Ztornad"]
[WhiteElo "1959"]
[BlackElo "1780"]
[Result "1-0"]
[Round "1"]
1.d4 d5
2.c4 Ng8f6
3.Nb1c3 Bc8e6
4.cxd5 Nf6xd5
5.e4 Nd5xc3
6.bxc3 c6
7.Bf1d3 h5
8.Ng1f3 Qd8a5
9.Bc1d2 Qa5c7
10.O-O Be6g4
11.e5 e6
12.h3 Bg4f5
13.Bd3xf5 exf5
14.e6 fxe6
15.Rf1e1 Qc7d6
16.Qd1b3 Qd6c7
17.Re1xe6 Bf8e7
18.Bd2g5 Nb8d7
19.Re6xe7 Kd8
20.Qb3f7 Kc8
21.Nf3e5 Rh8f8
22.Re7e8 Qc7d8
23.Re8xd8 Rf8xd8
24.Bg5xd8 Nd7xe5
25.Qf7c7  { time }
1-0

[Event "Match"]
[Site "www.echecsemail.com"]
[Date "2016.06.19"]
[Round "1"]
[White "Ztornad"]
[Black "Genius7"]
[WhiteElo "1750"]
[BlackElo "1980"]
[Result "1-0"]
[Round "1"]
1.Ng1f3 d5
2.h3 c5
3.e3 Ng8f6
4.Nf3e5 Nb8d7
5.d4 e6
6.Bf1b5 a6
7.Bb5e2 Bf8e7
8.Ne5xd7 Bc8xd7
9.a4 O-O
10.Nb1d2 cxd4
11.e4 dxe4
12.Be2c4  { time }
1-0

[Event "Match"]
[Site "www.echecsemail.com"]
[Date "2016.06.19"]
[Round "1"]
[White "Jhzes"]
[Black "Fkarpov"]
[WhiteElo "1809"]
[BlackElo "2070"]
[Result "0-1"]
[Round "1"]
1.d4 Ng8f6
2.Bc1f4 d6
3.f3 Nb8c6
4.e4 e6
5.Bf1c4 d5
6.Bc4b5 Bc8d7
7.exd5 Nf6xd5
8.Bb5xc6 Nd5xf4
9.Bc6xd7 Qd8xd7
10.Qd1d2 Bf8d6
11.g3 Nf4g6
12.a3 O-O
13.c4 Rf8e8
14.Ng1e2 e5
15.c5 Bd6e7
16.O-O exd4
17.b4 Be7g5
18.Qd2xd4 Qd7xd4
19.Ne2xd4 Bg5e3
20.Kg2 Be3xd4
21.Ra1a2 Bd4f6
22.a4 Ra8d8
23.Nb1a3 c6
24.b5 Rd8d3
25.Na3c4 Rd3c3
26.Nc4d6 Re8e7
27.Nd6f5 Re7e6
28.b6 axb6
29.cxb6 Rc3b3
30.a5 Rb3b2
31.Ra2xb2 Bf6xb2
32.Rf1d1 h6
33.Rd1d7 Re6e2
34.Kh3 Ng6e5
35.Rd7xb7 Ne5xf3
36.Rb7b8 Kh7
37.b7 Nf3g1
38.Kg4 Re2e4
{ resign }
0-1

[Event "1/128 Finale"]
[Site "www.chess-mail.com"]
[Date "2016.06.19"]
[Round "1"]
[White "Gatrooper"]
[Black "Fieldfast"]
[WhiteElo "1480"]
[BlackElo "1499"]
[Result "0-1"]
[Round "1"]
1.e4 c6
2.d4 d5
3.e5 Bc8f5
4.Bf1d3 Bf5xd3
5.Qd1xd3 e6
6.a3 c5
7.dxc5 Nb8c6
8.Ng1f3 Bf8xc5
9.Bc1e3 Bc5xe3
10.Qd3xe3 Ng8e7
11.Nf3g5 Ne7f5
12.Qe3c1 Nc6xe5
13.Qc1f4 Qd8f6
14.Ng5h3 Ra8c8
15.O-O O-O
16.Nh3g5 Rc8c4
17.Qf4c1 h6
18.Ng5h3 Rf8c8
19.Nb1c3 Nf5h4
20.g3 Qf6f3
21.gxh4 Rc4g4

0-1